000 06692nam a22005297a 4500
005 20120221114659.0
010 _aB-473219-243
020 _a9788121615822
_c50.00
035 _aB-473219-243
037 _bब्लूबेरी बुक्स
082 _a821
100 _aधामा, तेजपाल सिंह
_9798
245 _aहमारे देश-भक्ति गीत /
_cतेजपाल सिंह धामा
260 _aनई दिल्ली
_bहिन्द पॉकेट बुक्स
_c2011
270 _aजे-40, जोरबाग लेन
_bनई दिल्ली
_e110003
300 _a64पृ
_bसचित्र
_c22सेमी (अजिल्द)
700 _942649
700 _942654
942 _2ddc
_cCH
_mधामाते
_h821
999 _c63244
_d63244